|
|
|
|
| LEADER |
01003nam a2200301 4500 |
| 001 |
17677 |
| 003 |
BD-DhAAL |
| 005 |
20140630101749.0 |
| 008 |
140630s1973 mau b 001 0 eng |
| 010 |
|
|
|a 73006245
|
| 020 |
|
|
|a 0807027685
|
| 020 |
|
|
|a 0807041645
|
| 020 |
|
|
|a 0807041653
|
| 040 |
|
|
|a DLC
|c DLC
|d DLC
|d BD-DhAAL
|
| 050 |
0 |
0 |
|a HQ1154
|b .D3
|
| 082 |
0 |
0 |
|a 301.41/2
|
| 100 |
1 |
|
|a Daly, Mary,
|d 1928-2010.
|9 4463
|
| 245 |
1 |
0 |
|a Beyond God the Father:
|b toward a philosophy of women's liberation.
|
| 260 |
|
|
|a Boston,
|b Beacon Press
|c [1973]
|
| 300 |
|
|
|a xii, 225 p.
|c 21 cm.
|
| 350 |
|
|
|a $8.95
|
| 504 |
|
|
|a Includes bibliographical references.
|
| 541 |
|
|
|e 17677
|
| 650 |
|
0 |
|a Feminism.
|9 5195
|
| 650 |
|
0 |
|a Women in Christianity.
|9 4465
|
| 942 |
|
|
|2 ddc
|c BK
|
| 999 |
|
|
|c 32808
|d 32808
|
| 952 |
|
|
|0 0
|1 0
|2 ddc
|4 0
|6 301_412000000000000_DAL
|7 0
|9 42858
|a BRACUL
|b BRACUL
|c GEN
|d 2014-06-30
|l 0
|o 301.412 DAL
|p 3010017677
|r 2014-06-30
|t 1
|w 2014-06-30
|y BK
|x Transferred from ENH to Ayesha Abed library on 20/12/2023
|